|
|
|
|
| LEADER |
00000nam0a2200000 4500 |
| 001 |
143803 |
| 005 |
20231031143352.0 |
| 010 |
|
|
|a 5222100049
|
| 035 |
|
|
|a (RuTPU)RU\TPU\book\155838
|
| 090 |
|
|
|a 143803
|
| 100 |
|
|
|a 20080924d2006 m y0rusy50 ca
|
| 101 |
0 |
|
|a rus
|
| 102 |
|
|
|a RU
|
| 105 |
|
|
|a a j 001zy
|
| 200 |
1 |
|
|a Экология
|e учебник
|f В. И. Коробкин, Л. В. Передельский
|
| 205 |
|
|
|a 11-е изд.
|
| 210 |
|
|
|a Ростов-на-Дону
|c Феникс
|d 2006
|
| 215 |
|
|
|a 608 с.
|c ил.
|
| 225 |
1 |
|
|a Высшее образование
|
| 320 |
|
|
|a Библиогр.: с. 574-575.
|
| 320 |
|
|
|a Предметный указатель: с. 567-573.
|
| 330 |
|
|
|a Лауреат конкурса Министерства образования Российской Федерации по созданию учебников нового поколения по общим естественнонаучным дисциплинам (Москва, 1999). Первый российский учебник по дисциплине «Экология» для студентов вузов, обучающихся техническим наукам. Учебник написан в соответствии с требованиями действующего государственного образовательного стандарта и программой, рекомендованной Министерством образования России. Он состоит из двух частей — теоретической и прикладной. В пяти его разделах рассмотрены основные положения общей экологии, учения о биосфере, экологии человека; антропогенные воздействия на биосферу, проблемы экологической защиты и охраны окружающей среды. В целом, учебник формирует у студентов новое экологическое, ноосферное мировоззрение. Предназначается для студентов высших учебных заведений. Учебник рекомендуется также для учителей и учащихся средних школ, лицеев и колледжей. Он необходим и для широкого круга инженерно-технических работников, занимающихся вопросами рационального природопользования и охраны окружающей среды.
|
| 333 |
|
|
|a Исключено из фонда НТБ ТПУ
|
| 451 |
|
1 |
|0 (RuTPU)RU\TPU\book\157632
|y 978-5-222-13531-0
|t Экология
|o учебник
|f В. И. Коробкин, Л. В. Передельский
|e 11-е изд.
|c Ростов-на-Дону
|n Феникс
|d 2008
|p 608 с.
|a Коробкин, Владимир Иванович
|
| 451 |
|
1 |
|0 (RuTPU)RU\TPU\book\120018
|y 5-222-08732-8
|t Экология
|o учебник
|f В. И. Коробкин, Л. В. Передельский
|e 10-е изд.
|c Ростов-на-Дону
|n Феникс
|d 2006
|p 576 с.
|s Высшее образование
|a Коробкин, Владимир Иванович
|
| 675 |
|
|
|a 504(075.8)
|v 3
|
| 675 |
|
|
|a 574(075.8)
|v 3
|
| 700 |
|
1 |
|a Коробкин
|b В. И.
|g Владимир Иванович
|
| 701 |
|
1 |
|a Передельский
|b Л. В.
|g Леонид Васильевич
|
| 801 |
|
1 |
|a RU
|b 63413507
|c 20031024
|g PSBO
|
| 801 |
|
2 |
|a RU
|b 63413507
|c 20210301
|g PSBO
|
| 942 |
|
|
|c BK
|